ბათუმის შოთა რუსთაველის სახელმწიფო უნივერსიტეტის ბიბლიოთეკა

გლობალური ბიზნესის მენეჯმენტი : (ბიბ.ჩანაწერი № 39659)

000 -ლიდერი
ფიქსირებული სიგრძის საკონტროლო ველი 01164nam a2200265Ia 4500
001 - საკონტროლო ნომერი
საკონტროლო ველი 6261
003 - საკონტროლო ნომრის იდენტიფიკატორი
საკონტროლო ველი GE_BSU
005 - ბოლო ოპერაციის თარიღი და დრო
საკონტროლო ველი 20191105115815.0
008 - ფიქსირებული სიგრძის მონაცემთა ელემენტები - ზოგადი ინფორმაცია
ფიქსირებული სიგრძის საკონტროლო ველი 181216s2013||||ge |||||||||||||| ||geo||
020 ## - წიგნის საერთაშორისო სტანდარტული ნომერი
International Standard Book Number 9789941429330
040 ## - კატალოგიზაციის წყარო
Transcribing agency GE_BSU
041 ## - ენის კოდი
Language code of text/sound track or separate title geo
080 ## - უნივერსალური ათობითი კლასიფიკაციის ინდექსი
Universal Decimal Classification number 005(075.8)+338.22(075.8) გ-97
100 ## - მთავარი ჩანაწერი - პიროვნების სახელი
Personal name გურაბანიძე, ვაჟა
9 (RLIN) 5266
245 ## - ცნობა სათაურის შესახებ
Title გლობალური ბიზნესის მენეჯმენტი :
Remainder of title ლექციების კურსი /
Statement of responsibility, etc ვაჟა გურაბანიძე; რედ. ვაჟა გურაბანიძე, ნიკო ჩიხლაძე.
264 ## - წარმოების, გამოცემის, დისტრიბუციის და სხვა ცნობები
გამოცემის, წარმოების, დისტრიბუციის... ადგილი ქუთაისი,
გამოცემის, წარმოების, დისტრიბუციის... თარიღი 2013.
300 ## - ფიზიკური აღწერა
Extent 610 გვ. ;
Other physical details 20 სმ.
504 ## - BIBLIOGRAPHY, ETC. NOTE
Bibliography, etc ბიბლიოგრ.: გვ. 605-607.
653 ## - INDEX TERM--UNCONTROLLED
Uncontrolled term ბიზნესის მენეჯმენტი
653 ## - INDEX TERM--UNCONTROLLED
Uncontrolled term ეკონომიკა
700 ## - ADDED ENTRY--PERSONAL NAME
Personal name შანიძე, გოდერძი
Relator term ავტორი
9 (RLIN) 5267
700 ## - ADDED ENTRY--PERSONAL NAME
Personal name ჩიხლაძე, ნიკო
Relator term ავტორი
9 (RLIN) 5268
710 ## - ADDED ENTRY--CORPORATE NAME
Corporate name or jurisdiction name as entry element ქუთაისის უნ-ტი
9 (RLIN) 5269
942 ## - ADDED ENTRY ELEMENTS (KOHA)
Koha item type წიგნი
Source of classification or shelving scheme
ეგზემპლარები
ჩამოწერის სტატუსი დაკარგული ეგზემპლარის სტატუსი კლასიფიკაციის წყარო ან თაროზე გაწყობის სქემა დაზიანების სტატუსი არ გაიცემა მუდმივი მდებარეობა (დაცვის ადგილი) ამჟამინდელი ადგილსამყოფელი თაროზე განთავსების ადგილი შეძენის თარიღი სრული შენახვის შიფრი შტრიხკოდი ბოლო ოპერაციის თარიღი ეგზემპლარის მიმდევრობითი ნომერი (კეტერი?) ფასის ძალაში შესვლის თარიღი ეგზემპლარის სახეობა
          ბათუმის შოთა რუსთაველის სახელმწიფო უნივერსიტეტის მთავარი ბიბლიოთეკა ბათუმის შოთა რუსთაველის სახელმწიფო უნივერსიტეტის მთავარი ბიბლიოთეკა წიგნსაცავი 2018-12-17 005(075.8)+338.22(075.8) გ-97 6746 2018-12-17 6746 2018-12-17 წიგნი